Normal view
MARC view
- Smith P F
Entry Personal Name
001 - CONTROL NUMBER
- control field: 13435
003 - CONTROL NUMBER IDENTIFIER
- control field: OSt
005 - DATE AND TIME OF LATEST TRANSACTION
- control field: 20220803170258.0
008 - FIXED-LENGTH DATA ELEMENTS
- fixed length control field: 220803|| aca||aabn | a|a d
040 ## - CATALOGING SOURCE
- Original cataloging agency: OSt
- Transcribing agency: OSt
100 ## - HEADING--PERSONAL NAME
- Personal name: Smith P F
670 ## - SOURCE DATA FOUND
- Source citation: Work cat.: (OSt)10445: Smith P F, Concepts In Practice Energy : Building For The Third Millennium., 1997